Which Country's Population Graph is this? - Statistics

General Stats
  • This quiz has been taken 37 times
  • The average score is 9 of 16
Answer Stats
Picture Answer % Correct
China
97%
United States
97%
Japan
79%
Nigeria
76%
Vatican City
73%
Germany
70%
Ukraine
61%
Syria
52%
Poland
45%
Bosnia and Herzegovina
42%
Niger
42%
Rwanda
42%
Qatar
36%
Cambodia
30%
Lebanon
27%
Venezuela
21%
No matching quizzes found
Score Distribution
Percent of People with Each Score
Percentile by Number Answered
Your Score History
You have not taken this quiz